Elements of solid state physics / (Record no. 71123)
[ view plain ]
| 000 -LEADER | |
|---|---|
| fixed length control field | 00785nam a2200265 a 4500 |
| 001 - CONTROL NUMBER | |
| control field | 71123 |
| 003 - CONTROL NUMBER IDENTIFIER | |
| rucl marc code | BD-RjUL |
| 005 - DATE AND TIME OF LATEST TRANSACTION | |
| control field | 20211209082059.0 |
| 008 - FIXED-LENGTH DATA ELEMENTS--GENERAL INFORMATION | |
| fixed length control field | 170426s1993 enk 001 0 eng d |
| 020 ## - INTERNATIONAL STANDARD BOOK NUMBER | |
| International Standard Book Number | 0471929727 |
| International Standard Book Number | 0471929735 (pbk) |
| 035 ## - SYSTEM CONTROL NUMBER | |
| System control number | (BD-RjUL)71338 |
| 040 ## - CATALOGING SOURCE | |
| Original cataloging agency | BD-RjUL |
| Language of cataloging | eng |
| Transcribing agency | BD-RjUL |
| Modifying agency | BD-RjUL |
| 041 ## - LANGUAGE CODE | |
| Language code of text/sound track or separate title | eng |
| 082 ## - DEWEY DECIMAL CLASSIFICATION NUMBER | |
| Edition number | 23 |
| Classification number | 530.41 |
| Author mark and year | RUE 1993 |
| 100 1# - MAIN ENTRY--PERSONAL NAME | |
| Personal name | Rudden, M. N. |
| 9 (RLIN) | 210430 |
| 245 10 - TITLE STATEMENT | |
| Title | Elements of solid state physics / |
| Statement of responsibility, etc. | M.N. Rudden and J. Wilson |
| 250 ## - EDITION STATEMENT | |
| Edition statement | 2nd ed |
| 260 ## - PUBLICATION, DISTRIBUTION, ETC. (IMPRINT) | |
| Place of publication, distribution, etc. | Chichester : |
| Name of publisher, distributor, etc. | Wiley, |
| Date of publication, distribution, etc. | c1993 |
| 300 ## - PHYSICAL DESCRIPTION | |
| Pagination | xiii, 264 p. : |
| Illustrations | ill. ; |
| Size | 24 cm |
| 504 ## - BIBLIOGRAPHY, ETC. NOTE | |
| Bibliography, etc | Includes bibliographical references and index |
| 650 #0 - SUBJECT ADDED ENTRY--TOPICAL TERM | |
| Topical term or geographic name as entry element | Solid state physics |
| 9 (RLIN) | 210431 |
| 700 1# - ADDED ENTRY--PERSONAL NAME | |
| Personal name | Wilson, J. |
| Fuller form of name | (John), |
| Dates associated with a name | join author |
| 942 ## - ADDED ENTRY ELEMENTS (KOHA) | |
| Source of classification or shelving scheme | Dewey Decimal Classification |
| Koha item type | Books |
| Lost status | Source of classification or shelving scheme | Damaged status | Not for loan | Collection code | Permanent Location | Current Location | Shelving location | Date acquired | Source of acquisition | Cost, normal purchase price | Total Checkouts | Full call number | Date last seen | Copy number | Koha item type |
|---|---|---|---|---|---|---|---|---|---|---|---|---|---|---|---|
| Dewey Decimal Classification | Not For Loan | Non-fiction | Central Library, University of Rajshahi | Central Library, University of Rajshahi | Reading Room | 11/11/1996 | Progresive Book, Dhaka | 200.00 | 530.41 RUE 1993 | 26/04/2017 | C-1 | Books |